|
|
|
|
| LEADER |
00000nab a2200000 a 4500 |
| 001 |
vtls000674914 |
| 003 |
SK-MaSNL |
| 005 |
20260302190509.0 |
| 008 |
180205c1998 xo 0 slo |
| 015 |
|
|
|a SNBRB1998/10-29081
|
| 035 |
|
|
|a CLN000027089
|
| 040 |
|
|
|a SNKBUCL
|b slo
|c SNKBUCL
|e AACR2
|
| 041 |
0 |
|
|a slo
|
| 044 |
|
|
|a xo
|c SK
|
| 080 |
|
|
|a 343.352:338.1(437.6)
|2 UDC-MRF-SK2
|
| 100 |
1 |
|
|a Ďurianová, Alica
|4 aut
|9 268418
|
| 245 |
1 |
0 |
|a Korupcia na grile transparentnosti
|b až 66 percent z 500 podnikateľov oslovených CPHR si myslí že na Slovensku je väčšia korupcia ako v zahraničí
|c Alica Ďurianová
|
| 300 |
|
|
|b Obr.
|
| 650 |
0 |
7 |
|a korupcia
|z Slovensko
|2 snkbucl
|9 567065
|
| 655 |
|
7 |
|a články z novín a časopisov
|2 snkbucl
|9 267496
|
| 773 |
0 |
|
|t Profit
|g Roč. 6, č. 41 (1998), s. 10-12
|
| 850 |
|
|
|a Slovenská národná knižnica v Martine
|
| 852 |
|
|
|a SNK
|b KIS3GCP
|
| 958 |
|
|
|a RBX
|
| 999 |
|
|
|c 1433621
|d 1435551
|